000 00510nam a2200217 a 4500
999 _c4646
_d4646
001 4646
003 BD-JhCC
005 20171129163509.0
008 171129s1961 e a|||| ||a| 000 0 eng d
035 _a(BD-JhCC) 4646
040 _aBD-JhCC
_dBD-JhCC
041 _aeng
082 _a823.914
_bEAS 1961
100 _aEastman, P,D
245 _aGo, Dog.Go ! /
_c P,D. Eastman
260 _aLondon :
_bNewyork,
_c1961
300 _a59 p ,:
_c23 cm .
650 _aStories
942 _2ddc
_cBK